LEADER 01250nam0 2200301 450 001 000027944 005 20100908123529.0 100 $a20100908d1961----km-y0itaa50------ba 101 1 $aita 102 $aIT 200 1 $aOpere scelte$fStefan Zweig$ga cura di Lavinia Mazzucchetti 210 $aMilano$c<> Mondadori$cSperling & Kupfer$d1961 215 $a2 v.$d25 cm. 300 $aTraduzioni di Berta Burgio Ahrens... [et al.] 327 1 $aVol. 1. - 1961. - 955 p.$aVol. 2. - 1961. - 934 p. 676 $a081$v(21. ed.)$9Raccolte generali americane in inglese 700 1$aZweig,$bStefan$0327585 702 1$aBurgio Ahrens,$bBerta 702 1$aMazzucchetti,$bLavinia 801 0$aIT$bUniversitā della Basilicata - B.I.A.$gRICA$2unimarc 912 $a000027944 996 $aOpere scelte$994988 997 $aUNIBAS BAS $aLETTERE CAT $aTTM$b30$c20100908$lBAS01$h1235 FMT Z30 -1$lBAS01$LBAS01$mBOOK$1BASA1$APolo Storico-Umanistico$2FMAS$BFondo Masini$3FMas/817/3654$6817/3654$5B817/3654$820100908$e955$f04$FPrestabile Didattica$hVol. 1. Z30 -1$lBAS01$LBAS01$mBOOK$1BASA1$APolo Storico-Umanistico$2FMAS$BFondo Masini$3FMas/817/3655$6817/3655$5B817/3655$820100908$e955$f04$FPrestabile Didattica$hVol. 2. LEADER 00792nam0-22002891i-450 001 990005064700403321 005 20221201121247.0 035 $a000506470 035 $aFED01000506470 035 $a(Aleph)000506470FED01 035 $a000506470 100 $a19990604g19779999km-y0itay50------ba 101 0 $aita 102 $aIT 105 $ay-------001yy 200 1 $a<<"La >>farfalla" di Angelo Sommaruga$eStoria e indici$fAdriana Chemello 210 $aRoma$cBulzoni$dc1977 215 $a159 p.$d18 cm 225 1 $aStrumenti di ricerca$v14 700 1$aChemello,$bAdriana$0153398 801 0$aIT$bUNINA$gRICA$2UNIMARC 901 $aBK 912 $a990005064700403321 952 $aDC 703$fFLFBC 959 $aFLFBC 996 $aFarfalla" di Angelo Sommaruga$9102232 997 $aUNINA LEADER 01497nam0 22003011i 450 001 UON00398457 005 20231205104645.723 100 $a20111014d1947 |0itac50 ba 101 $ager 102 $aDE 105 $a|||| 1|||| 200 1 $aSprachliche, besonders syntaktische Untersuchung der kalvinistischen litauischen Katechismus des Malcher Pietkiewicz von 1598$fvon Ernst Fraenkel 210 $aGöttingen$cVandenhoeck & Ruprecht$d1947 215 $a140 p.$d24 cm. 606 $aCALVINISMO$xLituania$xTesti$xTraduzioni$3UONC079549$2FI 606 $aLETTERATURA LITUANA$xTESTI LITURGICI$xTRADUZIONI$3UONC079479$2FI 606 $aLINGUA LITUANA$xSTUDI GRAMMATICALI$3UONC033264$2FI 620 $aDE$dGöttingen$3UONL000324 676 $a491.92$cLINGUA LITUANA$v22 700 1$aFraenkel$bErnst$3UONV087002$0328633 702 1$aPETKEVI?IUS$bMerkelis$3UONV204643 712 $aVandenhoeck & Ruprecht$3UONV248345$4650 801 $aIT$bSOL$c20250704$gRICA 912 $aUON00398457 950 $aSIBA - SISTEMA BIBLIOTECARIO DI ATENEO$dSI FL 11 0111 $eSI EO 6765 5 0111 $sBuono 950 $aSIBA - SISTEMA BIBLIOTECARIO DI ATENEO$dSI FL 11 0114 $eSI MR 45506 5 0114 $sProva 996 $aSprachliche, besonders syntaktische Untersuchung der kalvinistischen litauischen Katechismus des Malcher Pietkiewicz von 1598$91348038 997 $aUNIOR